[Event "AUTO-INT-3953"]
[Site "http://www.queenalice.com/game.php?id=1866339"]
[Date "2025.11.28"]
[Round "1"]
[White "Jomaley"]
[Black "renet54"]
[Result "0-1"]
[WhiteElo "1533"]
[BlackElo "1607"]

1. g4 d5 2. d4 Bxg4 3. f3 Qd7 4. fxg4 Nc6 5. Be3 O-O-O 6. h3 e6 7. Nf3 Bd6 8.
Ng5 Nf6 9. a3 h6 10. Nf3 Ne4 11. Ne5 Nxe5 12. Bg2 Nc4 13. Bxe4 Nxe3 0-1

[Event "AUTO-INT-3953"]
[Site "http://www.queenalice.com/game.php?id=1866340"]
[Date "2025.11.28"]
[Round "1"]
[White "renet54"]
[Black "Jomaley"]
[Result "1-0"]
[WhiteElo "1594"]
[BlackElo "1395"]

1. d4 d5 2. Nf3 f6 3. Bf4 Na6 4. e3 Bg4 5. Be2 g5 6. Ne5 Bxe2 7. Qxe2 fxe5 8.
Qh5+ Kd7 9. Bxe5 Nf6 10. Bxf6 exf6 11. Qf7+ Be7 12. Qxd5+ Bd6 13. Qxb7 Nb4 14.
c3 Nc2+ 15. Ke2 Nxa1 16. Nd2 Nc2 17. Qb5+ Kc8 18. Rc1 Nxe3 19. fxe3 Bxh2 20.
Qa6+ Kd7 21. d5 Ke8 22. Qe6+ Kf8 23. Nf3 Bg3 24. c4 h5 25. b3 1-0

[Event "AUTO-INT-3955"]
[Site "http://www.queenalice.com/game.php?id=1867020"]
[Date "2025.12.13"]
[Round "1"]
[White "Ruusgugg"]
[Black "Jomaley"]
[Result "0-1"]
[WhiteElo "1444"]
[BlackElo "1396"]

1. b4 d5 2. Bb2 e6 3. a3 b5 4. a4 bxa4 5. Rxa4 Nc6 6. Ba3 Nf6 7. c3 Ne5 8. d4
Nc4 9. Bc1 Ne4 10. Na3 Nxc3 11. Qc2 Nxa4 12. Qxa4+ Bd7 13. Qd1 Nxa3 14. Bxa3 a5
15. Qb1 Bxb4+ 16. Bxb4 axb4 17. f3 Ra4 18. e4 dxe4 19. fxe4 O-O 20. Nf3 Qa8 21.
Kf2 Ra2+ 22. Kg3 f5 23. e5 f4+ 24. Kg4 Qa3 25. Bc4 Rxg2+ 26. Kh5 Qxf3+ 27. Kh4
Qg4# 0-1

[Event "AUTO-INT-3955"]
[Site "http://www.queenalice.com/game.php?id=1867021"]
[Date "2025.12.13"]
[Round "1"]
[White "Jomaley"]
[Black "Ruusgugg"]
[Result "1-0"]
[WhiteElo "1427"]
[BlackElo "1509"]

1. e4 d6 2. d3 b6 3. d4 Bb7 4. f3 d5 5. e5 f5 6. exf6 gxf6 7. Ne2 Nd7 8. h4 c5
9. dxc5 Nxc5 10. Na3 a5 11. Nb5 Qd7 12. Ned4 e5 13. Ne2 Qxb5 14. Nc3 Qd7 15. Bb5
Bc6 16. a4 d4 17. Ne4 Nxe4 18. Bxc6 Qxc6 19. fxe4 Qxe4+ 20. Qe2 Qc6 21. O-O Bc5
22. Qh5+ Kd8 23. c3 d3+ 24. Kh1 Qd5 25. Rxf6 Nxf6 26. Bg5 Be7 27. Rf1 Ne4 28.
Bxe7+ Kxe7 29. Rf3 d2 30. Rf5 d1=Q+ 31. Kh2 Nf6 32. Rxe5+ Kd6 33. Rxd5+ Nxd5 34.
Qxd1 Rhg8 35. c4 1-0

[Event "AUTO-OPEN-4634"]
[Site "http://www.queenalice.com/game.php?id=1868033"]
[Date "2026.1.15"]
[Round "1"]
[White "SGF"]
[Black "Jomaley"]
[Result "1-0"]
[WhiteElo "1728"]
[BlackElo "1446"]

1. e4 e5 2. Qf3 d6 3. Bc4 Nh6 4. d3 c6 5. Bxh6 Qf6 6. Qxf6 gxf6 7. Bxf8 Kxf8 8.
Nc3 Bg4 9. f3 Be6 10. Bxe6 fxe6 11. g4 h5 12. gxh5 Rxh5 13. h4 Nd7 14. Nge2 f5
15. exf5 Rxf5 16. Rh3 d5 17. h5 Rg5 18. h6 d4 19. h7 Kg7 20. O-O-O Nf6 21. Ne4
Rg2 22. Nxf6 Rxe2 23. Nh5+ Kxh7 24. Ng3+ Kg6 25. Nh5 b5 26. f4 a5 27. fxe5 Rxe5
28. Rg1+ Kf7 29. Rg7+ Kf8 30. Rf3+ Rf5 31. Rxf5+ exf5 32. Rc7 Ra6 33. Kd2 a4 34.
a3 Ke8 35. Nf6+ Kd8 36. Rd7+ Kc8 37. Rxd4 c5 38. Rd5 Rxf6 39. Rxc5+ Kb7 40.
Rxb5+ Ka6 41. c4 f4 42. Ke2 Re6+ 43. Kf3 Re3+ 44. Kxf4 Rxd3 45. Ke4 Rd7 46. b4
axb3 47. Rxb3 Ka5 48. c5 Re7+ 49. Kd5 Rd7+ 50. Kc6 Rd4 51. Rb8 Rd3 52. Ra8# 1-0

[Event "AUTO-OPEN-4634"]
[Site "http://www.queenalice.com/game.php?id=1868058"]
[Date "2026.1.15"]
[Round "1"]
[White "caradepau"]
[Black "Jomaley"]
[Result "1-0"]
[WhiteElo "1694"]
[BlackElo "1450"]

1. e4 e5 2. Bc4 Nh6 3. d3 g5 4. h3 d6 5. Nf3 Be6 6. Bxe6 fxe6 7. Bxg5 Qd7 8. a3
Nc6 9. Qd2 Nf7 10. Nc3 h6 11. Be3 Nd4 12. Bxd4 exd4 13. Nxd4 d5 14. Qe3 O-O-O
15. O-O h5 16. Ndb5 b6 17. exd5 exd5 18. Nxa7+ Kb7 19. Ncb5 Ra8 20. a4 Rxa7 21.
Nxa7 Kxa7 22. Ra3 Bxa3 23. bxa3 Qxa4 24. Qe7 Qxc2 25. Qxf7 Qxd3 26. Qxc7+ Ka6
27. Re1 Rg8 28. Re6 Qb1+ 29. Kh2 d4 30. Qc4+ Ka5 31. Qd5+ Qb5 32. Qxd4 Rg5 33.
Qd2+ Ka6 34. Qd8 Rd5 35. Qa8# 1-0

[Event "AUTO-INT-3957"]
[Site "http://www.queenalice.com/game.php?id=1868106"]
[Date "2026.1.17"]
[Round "1"]
[White "Jomaley"]
[Black "ricardoguevara"]
[Result "1-0"]
[WhiteElo "1433"]
[BlackElo "1449"]

1. e4 e5 2. d3 Nf6 3. Bg5 Be7 4. g4 O-O 5. h4 d6 6. Bxf6 Bxf6 7. g5 Be7 8. Nf3
f6 9. g6 hxg6 10. h5 Bg4 11. hxg6 f5 12. exf5 Nc6 13. c3 Bf6 14. Be2 d5 15. d4
exd4 16. cxd4 Bxf3 17. Bxf3 Re8+ 18. Kf1 Bxd4 19. Nc3 Bxc3 20. bxc3 Qf6 21.
Bxd5+ Kf8 22. Rh8+ Ke7 23. Qe2+ Kd6 24. Rxe8 Rxe8 25. Qxe8 Kxd5 26. Rd1+ Kc4 27.
Qe4+ Kxc3 28. Rd3+ Kb2 29. Qe2+ Kc1 30. Rd1# 1-0

[Event "AUTO-INT-3957"]
[Site "http://www.queenalice.com/game.php?id=1868108"]
[Date "2026.1.17"]
[Round "1"]
[White "Jomaley"]
[Black "ChessColossos"]
[Result "1-0"]
[WhiteElo "1366"]
[BlackElo "1782"]

1. e4 e5 2. Nf3 Nc6 3. Bb5 a6 4. Bxc6 dxc6 5. d3 Bg4 6. h3 Bxf3 7. Qxf3 Qf6 8.
Qxf6 Nxf6 9. Bg5 Nd7 10. Nd2 f6 11. Bh4 O-O-O 12. O-O-O Bc5 13. c4 Nb6 14. Nb3
Bd6 15. c5 1-0

[Event "AUTO-INT-3957"]
[Site "http://www.queenalice.com/game.php?id=1868110"]
[Date "2026.1.17"]
[Round "1"]
[White "Jomaley"]
[Black "EdsonEstevam"]
[Result "0-1"]
[WhiteElo "1430"]
[BlackElo "1744"]

1. e4 e5 2. d3 Nc6 3. c3 Nf6 4. Bg5 h6 5. Bxf6 Qxf6 6. Qb3 Bc5 7. f3 Be3 8. Ne2
O-O 9. Nd2 Bxd2+ 10. Kxd2 d6 11. a4 Rb8 12. h4 Be6 13. c4 b6 14. Qc3 a5 15. Ng3
Nd4 16. Nh5 Qe7 17. g4 Nxf3+ 18. Ke2 Bxg4 19. Ng3 Nd4+ 20. Kd2 Qf6 21. Ne2 Qf2
22. Re1 f5 23. exf5 Nf3+ 24. Kc2 Nxe1+ 25. Kb3 Rxf5 26. d4 Bxe2 27. Bxe2 Qxe2
28. Rxe1 Qf2 29. Ka2 Re8 30. d5 Rf3 31. Qc1 Qc5 32. Kb1 Qb4 33. Qd1 Ra3 34. Kc2
Qxc4+ 35. Kd2 Qd3+ 36. Kc1 Ra1# 0-1